[Event "Hamburg HSK Christmas op"]
[Site "Hamburg"]
[Date "2022.12.28"]
[Round "4"]
[White "Bahrs, Timo"]
[Black "Atri, Jamshid"]
[Result "0-1"]
[WhiteElo "1665"]
[BlackElo "2020"]
[PlyCount "44"]
[EventDate "2022.12.27"]
[EventType "swiss"]
[EventRounds "7"]
[EventCountry "GER"]
[SourceTitle "EXT 2024"]
[Source "ChessBase"]
[SourceDate "2023.10.10"]
[SourceVersion "1"]
[SourceVersionDate "2023.10.10"]
[SourceQuality "1"]

1. e4 e5 2. Nf3 Nc6 3. d4 exd4 4. Nxd4 Nf6 5. Nxc6 bxc6 6. e5 Qe7 7. Qe2 Nd5 8. g3 g6 9. Nd2 Bg7 10. Nf3 0-0 11. c4 Ba6 12. b3 Rfe8 13. Bg5 Qf8 14. Bh3 f6 15. Bxd7 fxg5 16. Bxc6 Rad8 17. Bxe8 Rxe8 18. Qd3 Nb4 19. Qe4 g4 20. Qxg4 Nc2+ 21. Kd2 Nxa1 22. Rxa1 Bb7 0-1

[Event "Kronach Oberfranken Cup"]
[Site "Kronach"]
[Date "2022.07.03"]
[Round "5"]
[White "Bahrs, Timo"]
[Black "Orendt, Robert"]
[Result "1/2-1/2"]
[WhiteElo "1684"]
[BlackElo "1642"]
[PlyCount "57"]
[EventDate "2022.07.01"]
[EventType "swiss"]
[EventRounds "5"]
[EventCountry "GER"]
[SourceTitle "EXT 2023"]
[Source "ChessBase"]
[SourceDate "2022.10.05"]
[SourceVersion "1"]
[SourceVersionDate "2022.10.05"]
[SourceQuality "1"]

1. e4 e5 2. Nf3 Nc6 3. d4 exd4 4. Nxd4 Bc5 5. Be3 Bb6 6. c3 Nf6 7. Nd2 h6 8. Bc4 Ne5 9. Be2 d6 10. 0-0 0-0 11. h3 c6 12. f4 Ng6 13. a4 Re8 14. Bd3 Nd7 15. a5 Bc7 16. e5 dxe5 17. f5 exd4 18. fxg6 Ne5 19. gxf7+ Nxf7 20. Bc4 Rxe3 21. Bxf7+ Kh8 22. Nc4 Rg3 23. Qxd4 Bxh3 24. Rf2 Qxd4 25. cxd4 Rd8 26. Ne5 Rxd4 27. Ng6+ Kh7 28. Nf8+ Kh8 29. Ng6+ 1/2-1/2

[Event "Kronach Oberfranken Cup"]
[Site "Kronach"]
[Date "2022.07.03"]
[Round "4"]
[White "Mueller, Thorsten1111"]
[Black "Bahrs, Timo"]
[Result "1-0"]
[WhiteElo "1989"]
[BlackElo "1684"]
[PlyCount "57"]
[EventDate "2022.07.01"]
[EventType "swiss"]
[EventRounds "5"]
[EventCountry "GER"]
[SourceTitle "EXT 2023"]
[Source "ChessBase"]
[SourceDate "2022.10.05"]
[SourceVersion "1"]
[SourceVersionDate "2022.10.05"]
[SourceQuality "1"]

1. c4 e6 2. e3 d5 3. Nf3 Nf6 4. Nc3 c6 5. d4 dxc4 6. Bxc4 b5 7. Bd3 Be7 8. 0-0 0-0 9. Bd2 a6 10. Qc2 Bb7 11. Ne4 Nbd7 12. b4 Qc7 13. Nxf6+ Nxf6 14. e4 h6 15. Rac1 Rac8 16. h3 Nd7 17. a4 bxa4 18. Qxa4 Qb6 19. Rfe1 Rfd8 20. Rb1 Ne5 21. Nxe5 Qxd4 22. Bf4 Bf6 23. Bxa6 Bxe5 24. Bxe5 Qxe5 25. Bxb7 Rc7 26. Bxc6 Rd2 27. Red1 Qc3 28. Rxd2 Qxd2 29. b5 1-0

[Event "Kronach Oberfranken Cup"]
[Site "Kronach"]
[Date "2022.07.02"]
[Round "3"]
[White "Bahrs, Timo"]
[Black "Koppe, Connor"]
[Result "1-0"]
[WhiteElo "1684"]
[BlackElo "1653"]
[PlyCount "113"]
[EventDate "2022.07.01"]
[EventType "swiss"]
[EventRounds "5"]
[EventCountry "GER"]
[SourceTitle "EXT 2023"]
[Source "ChessBase"]
[SourceDate "2022.10.05"]
[SourceVersion "1"]
[SourceVersionDate "2022.10.05"]
[SourceQuality "1"]

1. e4 c5 2. Nc3 g6 3. Nge2 Bg7 4. g3 Nc6 5. Bg2 Nf6 6. 0-0 d6 7. h3 0-0 8. d3 a6 9. a4 Rb8 10. Be3 b5 11. axb5 axb5 12. Qd2 b4 13. Nd5 Nxd5 14. exd5 Na5 15. Bh6 e6 16. Bxg7 Kxg7 17. Ra2 exd5 18. Rfa1 Nb7 19. Bxd5 Bxh3 20. Ra7 Bc8 21. c3 bxc3 22. Qxc3+ Qf6 23. R1a6 Qxc3 24. bxc3 Re8 25. Nf4 g5 26. Ng2 Nd8 27. Rxd6 Ne6 28. Ne3 h5 29. Ra5 Rb1+ 30. Kg2 Bb7 31. Bxb7 Rxb7 32. Nf5+ Kf6 33. Rxc5 Kg6 34. Nd4 Rb2 35. Nxe6 fxe6 36. c4 Rf8 37. Rxe6+ Kh7 38. Rc7+ Kg8 39. Rg6+ Kh8 40. Rh6+ Kg8 41. Rxh5 Rfxf2+ 42. Kh3 Rh2+ 43. Kg4 Rxh5 44. Kxh5 Rg2 45. g4 Rg3 46. d4 Rd3 47. d5 Rd4 48. Kxg5 Kf8 49. Kf5 Rd1 50. Ke6 Re1+ 51. Kd7 Re4 52. d6 Rxg4 53. Rc8+ Kf7 54. c5 Kf6 55. Kc6 Rg6 56. d7 Ke7+ 57. Kc7 1-0